Proyecto Heredia-Anillo Periférico

Salvato in:
Dettagli Bibliografici
Autore principale: Leiva Milano, Carlos Guillermo
Natura: Sconosciuto
Pubblicazione: [San José, Costa Rica] 1980
Soggetti:
Tags: Aggiungi Tag
Nessun Tag, puoi essere il primo ad aggiungerne!!

MARC

LEADER 00000 a2200000 4500
003 007993
005 20221231143741.0
008 140114s1980 c m 000 ||s d
040 |c cru CEDI 
090 |a TFG 979 
100 |a Leiva Milano, Carlos Guillermo  |9 15964 
245 |a Proyecto Heredia-Anillo Periférico 
260 |c 1980  |a [San José, Costa Rica] 
300 |a  67 hojas, 20 hojas de laminas : ilustraciones (algunas plegables) ; 28 cm  
500 |a  Tesis (ingeniero civil)--Universidad de Costa Rica.  
650 |x CARRETERAS - COSTA RICA  |9 15965 
942 |c TFG 
999 |c 11248  |d 11248